000 01371nam a2200325 i 4500
003 EG-GICUC
005 20260511150033.0
008 260511s2009 ua |||fr|||| 00| 0 ara d
040 _a EG-GICUC
_bara
_c EG-GICUC
_d EG-GICUC
_erda
041 0 _aAra
082 0 4 _221
_a343.307
_bم ن . م
092 0 4 _221
099 _aLaw1 10 343.307 م ن . م 2009
100 0 _aمنير عبدالمعطى
_eمؤلف.
245 1 2 _aالموسوعة القضائية الإجرائية والمدد القانونية معلقا عليها بأحدث أحكام محكمة النقض.
_nالجزء الثالث /
_cتأليف منير عبدالمعطى.
250 _aالطبعة الأولى
264 1 _aالقاهرة :
_bالمكتبة القانونية،
_bالمصرية الدولية للإصدارات القانونية،
_c2009.
300 _a527 ؛صفحة
_c24 سم.
336 _2rda content
_atext
337 _2rda media
_aComputer
338 _2rda carrier
_aOnline Resource
500 _aإهداء من حسن على
546 _aالنص باللغة العربية
650 1 _aقانون الإجراءات الجنائية
_xأحكام النقض
_2qrmak
650 1 _aالقانون الجنائى
_2qrmak
651 1 _2qrmak
856 4 0 _uhttps://fll.law.cu.edu.eg/fulltext/bks/B10-12088.pdf
905 _a54
942 _2ddc
_cBK
_e21
_n0
999 _c76584
_d76584